Derecho Pb︢lico e Internet la actividad administrativa de regulacin̤ de la Red /

Detalles Bibliográficos
Autor principal: Barrio Andrš, Moisš
Formato: eBook
Lenguaje:español
Publicado: Madrid: Instituto Nacional de Administracin̤ Pb︢lica (INAP), 2017
Materias:
Acceso en línea:Acceso restringido

MARC

LEADER 00000nam a22000007a 4500
005 20180405002237.0
007 cr|||| ||||
008 180405s2017 es |||||s|||| 00||0 spa d
020 |a 978-84-7351-615-0 
035 |a 21303 
040 |a vLex 
090 |c 7663  |d 7663 
100 1 |a Barrio Andrš, Moisš 
245 1 0 |a Derecho Pb︢lico e Internet  |h [Recurso electrn̤ico] :  |b la actividad administrativa de regulacin̤ de la Red /  |c Moisš Barrio Andrš 
256 |a Servicio en ln̕ea 
260 |a Madrid:  |b Instituto Nacional de Administracin̤ Pb︢lica (INAP),  |c 2017 
300 |a 1 recurso electrn̤ico 
500 |a Este libro es pionero, tanto en nuestra doctrina como en la doctrina comparada, en analizar el papel de lo pb︢lico en el nacimiento, desarrollo y regulacin̤ de lo que hoy es Internet. Internet tiene su origen en la evolucin̤ de una serie de tecnologa̕s desarrolladas en el seno de la Agencia de Proyectos de Investigacin̤ Avanzados (la [Defense] Advanced Research Projects Agency o [D]ARPA) del Departamento de Defensa de los Estados Unidos, y que tuvieron su previa plasmacin̤ en la red ARPANET, en 1969, erigida para enlazar los superordenadores de diversas universidades y laboratorios de investigacin̤ de aquel Gobierno. Su evolucin̤, a travš de la fase intermedia de la red NSFNET de 1986 para fines cientf̕icos y educativos, desemboc ̤en la actual Internet a partir de 1991. Los ciudadanos en general comenzaron a tener acceso a ella a principios de 1990, momento en el que tambiň empezaron a surgir los primeros conflictos jurd̕icos en la Red. El enorme cambio que Internet est ̀produciendo en nuestro tiempo todava̕ resulta en parte desconocido. 
506 1 |a Disponible solo en los productos indicados  |d vLex Global  |d vLex Global (Academic Edition, excluding Law Schools)  |d vLex Global (U.S. Academic Edition, Law Schools)  |d vLex Global (U.S. Academic Edition, excluding Law Schools)  |d vLex Global (Academic Edition, Law Schools) 
650 0 4 |a Derecho Pb︢lico y Administrativo  |z Espaą 
740 0 |a vLex Libros (Servicio en ln̕ea) 
856 4 0 |u http://vlex.com/source/derecho-publico-e-internet-la-actividad-administrativa-de-regulacion-de-la-red-21303  |z Acceso restringido 
942 |c BOOK 
999 0 |a Public and Administrative Law